LEADER 01643nam0 2200277 i 450 001 SUN0063083 005 20080227120000.0 100 $a20080227d2007 |0itac50 ba 101 $aita 102 $aIT 105 $a|||| ||||| 200 1 $aMonet e la pittura en plein air Charles-François Daubigny, Eugéne Boudin, Camille Pissarro, Edouard Manet, Edgar Degas, Paul C‚zanne, Alfred Sisley, Fr‚deric Bazille, Berthe Morisot, Pierre-Auguste Renoir, Georges Seurat$fClaudio Zambianchi 205 $aMilano : Il sole 24 ore$gFirenze : E-ducation.it, c2007 210 $d323 p. : ill. : 29 cm 215 $aDistribuito con: Il sole 24 ore, settembre 21/2007. 410 1$1001SUN0063064$12001 $aˆI ‰grandi maestri dell'arte$el'artista e il suo tempo$v2$1210 $dMilano : Il sole 24 Ore ; Firenze : E-ducation.it$d2007-. 606 $aMonet, Claude$2FI$3SUNC024354 620 $dMilano$3SUNL000284 700 1$aZambianchi$b, Claudio$3SUNV050122$0473692 712 $aIl sole 24 ore$3SUNV001053$4650 801 $aIT$bSOL$c20181109$gRICA 912 $aSUN0063083 950 $aUFFICIO DI BIBLIOTECA DEL DIPARTIMENTO DI LETTERE E BENI CULTURALI$d07 CONS Pb Monet 2500 $e07 18094 995 $aUFFICIO DI BIBLIOTECA DEL DIPARTIMENTO DI LETTERE E BENI CULTURALI$bIT-CE0103$h18094$kCONS Pb Monet 2500$oc$qa 996 $aMonet e la pittura en plein air Charles-François Daubigny, Eugéne Boudin, Camille Pissarro, Edouard Manet, Edgar Degas, Paul C‚zanne, Alfred Sisley, Fr‚deric Bazille, Berthe Morisot, Pierre-Auguste Renoir, Georges Seurat$91415911 997 $aUNICAMPANIA LEADER 01529nam 2200349Ia 450 001 996386801103316 005 20200824132241.0 035 $a(CKB)4940000000081604 035 $a(EEBO)2240867192 035 $a(OCoLC)ocm14539703e 035 $a(OCoLC)14539703 035 $a(EXLCZ)994940000000081604 100 $a19861028d1663 uy | 101 0 $alat 135 $aurbn||||a|bb| 200 10$aPublii Terentii Carthaginiensis Afris poe?tae lepidissimi comoediae sex Anglo-Latinae$b[electronic resource] $ein usum ludi-discipulorum, quo Feliciu?s venustatem linguae Latinae ad sermonem quotidianum exercendum assequantur /$fa Carolo Hoole ... = Six comedies of that excellent poet Publius Terentius, an African of Carthage, in English and Latine : for the use of young scholars, that they may the more readily attain the purity of the Latine tongue for common discourse / by Charles Hoole .. 210 $aLondon $cPrinted for the Company of Stationers$d1663 215 $a[4], 501 p 300 $aEnglish and Latin on facing pages. 300 $aReproduction of original in the Huntington Library. 330 $aeebo-0113 606 $aLatin drama (Comedy) 615 0$aLatin drama (Comedy) 700 $aTerence$0439355 701 $aHoole$b Charles$f1610-1667.$0793350 801 0$bEAG 801 1$bEAG 801 2$bWaOLN 906 $aBOOK 912 $a996386801103316 996 $aPublii Terentii Carthaginiensis Afris poe?tae lepidissimi comoediae sex Anglo-Latinae$92394749 997 $aUNISA